| 000 | 00984nam0a22002411 4500 | ||
|---|---|---|---|
| 001 | rc\2802363 | ||
| 005 | 20250529175040.0 | ||
| 035 | _a(NLR Aleph) 006928376 | ||
| 090 |
_a7521103 _c7521103 |
||
| 100 | _a20110915d1936 |||y0rusy50 ca | ||
| 101 | 0 | _arus | |
| 102 | _aRU | ||
| 105 | _ay z ||||| | ||
| 200 | 1 |
_aК преподаванию физики в железнодорожной средней школе _e[Метод. указания] _fАвтор: инж. А. Я. Максимов |
|
| 210 |
_a[Орджоникидзе] _cтип. изд-ва газ. "Магистраль нефти" _d[1936] |
||
| 215 |
_a8 с. _d29х20 см. |
||
| 300 | _aОписано по 3-й с. На 1-й с. препроводительное письмо "Всем дорготделам школ" | ||
| 700 | 1 |
_aМаксимов _bА.Я. _gАлександр Яковлевич |
|
| 801 | 0 |
_aRU _bNLR _gpsbo |
|
| 801 | 1 |
_aRU _bELAR _2rusmarc |
|
| 852 |
_aNLR _j36-13/675 |
||
| 942 | _cBOOK | ||
| 980 | _aNB | ||